[Event "HUN-chT2 Maroczy 1314"]
[Site "Hungary"]
[Date "2014.03.02"]
[Round "8"]
[White "Mile, Kalmanne"]
[Black "Albert, Kornelia"]
[Result "0-1"]
[WhiteElo "1681"]
[BlackElo "2091"]
[PlyCount "72"]
[EventDate "2013.09.08"]
[EventType "team-tourn"]
[EventRounds "11"]
[EventCountry "HUN"]
[SourceTitle "EXT 2016"]
[Source "ChessBase"]
[SourceDate "2015.10.08"]
[SourceVersion "1"]
[SourceVersionDate "2015.10.08"]
[SourceQuality "1"]
[WhiteTeam "Debrecen SBK"]
[BlackTeam "Budapest MLTC II"]
[WhiteTeamCountry "HUN"]
[BlackTeamCountry "HUN"]

1. Nf3 d5 2. d4 c5 3. e3 Nf6 4. c3 e6 5. Bb5+ Bd7 6. Bxd7+ Nbxd7 7. Qa4 a6 8. 0-0 b5 9. Qd1 Bd6 10. Nbd2 0-0 11. h3 e5 12. dxe5 Nxe5 13. Nxe5 Bxe5 14. Nf3 Bc7 15. Qc2 Qd6 16. Qf5 Ne4 17. Rd1 Rad8 18. h4 g6 19. Qh3 f5 20. Nd2 Qf6 21. f4 h6 22. Nxe4 dxe4 23. Bd2 Rd3 24. Qg3 Rfd8 25. Qe1 Qd6 26. Qg3 Kh7 27. h5 g5 28. Qh3 Qf6 29. fxg5 Qxg5 30. Kf2 Rxd2+ 31. Rxd2 Rxd2+ 32. Kg1 Re2 33. Rf1 Rxe3 34. Qxf5+ Qxf5 35. Rxf5 Bg3 36. Rf1 Re2 0-1

[Event "HUN-chT2 Maroczy 1314"]
[Site "Hungary"]
[Date "2013.10.20"]
[Round "3"]
[White "Felmery, Mate"]
[Black "Mile, Kalmanne"]
[Result "1/2-1/2"]
[WhiteElo "1920"]
[BlackElo "1677"]
[PlyCount "98"]
[EventDate "2013.09.08"]
[EventType "team-tourn"]
[EventRounds "11"]
[EventCountry "HUN"]
[SourceTitle "EXT 2016"]
[Source "ChessBase"]
[SourceDate "2015.10.08"]
[SourceVersion "1"]
[SourceVersionDate "2015.10.08"]
[SourceQuality "1"]
[WhiteTeam "Budapest Vasas"]
[BlackTeam "Debrecen SBK"]
[WhiteTeamCountry "HUN"]
[BlackTeamCountry "HUN"]

1. e4 c6 2. d4 d5 3. Nc3 dxe4 4. Nxe4 Nd7 5. Nf3 Ngf6 6. Nxf6+ Nxf6 7. Be2 Bg4 8. 0-0 Bxf3 9. Bxf3 e6 10. Bg5 Be7 11. c3 0-0 12. Qb3 Rb8 13. Rad1 Nd5 14. Bxe7 Qxe7 15. Rfe1 Qc7 16. g3 b5 17. Rd2 a5 18. Qc2 g6 19. a3 Nb6 20. Qe4 Rbc8 21. Be2 a4 22. h4 h5 23. Qe3 Qd8 24. Qe5 Qd5 25. Qxd5 exd5 26. Bd3 Rfe8 27. Rde2 Kf8 28. f3 Rxe2 29. Rxe2 Re8 30. Rxe8+ Kxe8 31. Kf2 Ke7 32. Ke3 Kf6 33. Kf4 Nd7 34. g4 hxg4 35. fxg4 Nf8 36. Bc2 Ne6+ 37. Kf3 Nc7 38. Kf4 Ne6+ 39. Kf3 Nc7 40. b3 axb3 41. Bxb3 Ne6 42. Ke3 Nd8 43. a4 bxa4 44. Bxa4 Ke6 45. Kf4 f6 46. Ke3 Kd6 47. Bc2 g5 48. h5 Nf7 49. Kf3 Nh6 1/2-1/2

[Event "HUN-chT2 Maroczy 1213"]
[Site "Hungary"]
[Date "2013.02.17"]
[Round "7"]
[White "Papp, Laszlo"]
[Black "Mile, Kalmanne"]
[Result "1/2-1/2"]
[WhiteElo "1670"]
[BlackElo "1726"]
[PlyCount "50"]
[EventDate "2012.09.16"]
[EventType "team-tourn"]
[EventRounds "11"]
[EventCountry "HUN"]
[SourceTitle "EXT 2014"]
[Source "ChessBase"]
[SourceDate "2013.11.20"]
[SourceVersion "1"]
[SourceVersionDate "2013.11.20"]
[SourceQuality "1"]
[WhiteTeam "Kisvarda"]
[BlackTeam "Debrecen"]
[WhiteTeamCountry "HUN"]
[BlackTeamCountry "HUN"]

1. e4 c6 2. d4 d5 3. Nc3 dxe4 4. Nxe4 Nd7 5. Bc4 Ngf6 6. Ng5 e6 7. Qe2 Nb6 8. N5f3 Nxc4 9. Qxc4 Qd5 10. Qxd5 exd5 11. Bf4 Ne4 12. Ne5 g5 13. f3 gxf4 14. fxe4 dxe4 15. Ne2 f6 16. Nc4 b5 17. Nd2 e3 18. Nf3 Bd6 19. 0-0-0 Rg8 20. Rhg1 Be6 21. Nc3 Bb4 22. Ne4 Kf7 23. a3 Be7 24. Rdf1 Bc4 25. Re1 a5 1/2-1/2

[Event "HUN-chT2 Toth 1213"]
[Site "Hungary"]
[Date "2012.11.04"]
[Round "3.7"]
[White "Mile, Kalmanne"]
[Black "Bor, Ferenc"]
[Result "1/2-1/2"]
[WhiteElo "1726"]
[BlackElo "1894"]
[PlyCount "37"]
[EventDate "2012.09.16"]
[EventType "team-tourn"]
[EventRounds "11"]
[EventCountry "HUN"]
[SourceTitle "EXT 2014"]
[Source "ChessBase"]
[SourceDate "2013.11.20"]
[SourceVersion "1"]
[SourceVersionDate "2013.11.20"]
[SourceQuality "1"]
[WhiteTeam "Debrecen Sakkbaratok"]
[BlackTeam "Felegyhaza Csongrad"]
[WhiteTeamCountry "HUN"]
[BlackTeamCountry "HUN"]

1. Nf3 c5 2. g3 Nc6 3. Bg2 d5 4. 0-0 e5 5. d3 h6 6. c3 Nf6 7. Qc2 Be6 8. a3 a5 9. a4 Bd6 10. Na3 Rc8 11. Nb5 Bb8 12. Qd1 0-0 13. Ne1 Qd7 14. f3 Na7 15. Nxa7 Bxa7 16. Be3 d4 17. Bf2 Nd5 18. c4 Nb4 19. Nc2 1/2-1/2

[Event "HUN-chT2 Maroczy 1011"]
[Site "Hungary"]
[Date "2011.05.15"]
[Round "11"]
[White "Mile, Kalmanne"]
[Black "Kecze, Matyas"]
[Result "1/2-1/2"]
[WhiteElo "1718"]
[BlackElo "1777"]
[PlyCount "77"]
[EventDate "2010.09.12"]
[EventType "team-tourn"]
[EventRounds "11"]
[EventCountry "HUN"]
[SourceTitle "EXT 2012"]
[Source "ChessBase"]
[SourceDate "2011.11.24"]
[SourceVersion "1"]
[SourceVersionDate "2011.11.24"]
[SourceQuality "1"]
[WhiteTeam "Debrecen SBE"]
[BlackTeam "Kisujszallas"]
[WhiteTeamCountry "HUN"]
[BlackTeamCountry "HUN"]

1. d4 Nf6 2. c4 e6 3. Nc3 d5 4. Bg5 Be7 5. e3 b6 6. Bxf6 Bxf6 7. cxd5 exd5 8. Nf3 0-0 9. Rc1 Bb7 10. Be2 Re8 11. 0-0 a6 12. Re1 Nd7 13. Qb3 c6 14. h3 Re6 15. Bd3 Rd6 16. Bb1 Rc8 17. e4 Be7 18. e5 Re6 19. Bf5 Rh6 20. e6 fxe6 21. Bxe6+ Kh8 22. Bxd7 Qxd7 23. Ne5 Qf5 24. Re3 Rf8 25. Rf3 Qe6 26. Rxf8+ Bxf8 27. Qxb6 Bc8 28. Qd8 Rf6 29. Ne2 Qf5 30. Ng4 Rf7 31. Ne5 Qxf2+ 32. Kh1 Rf6 33. Qxc8 Qxe2 34. Qe8 Rf1+ 35. Rxf1 Qxf1+ 36. Kh2 Qf4+ 37. Kg1 Qxd4+ 38. Kh1 Qf4 39. Nxc6 1/2-1/2

[Event "HUN-chT2 Barcza 1011"]
[Site "Hungary"]
[Date "2011.04.10"]
[Round "8.9"]
[White "Jakab, Mihaly"]
[Black "Mile, Kalmanne"]
[Result "1-0"]
[WhiteElo "1867"]
[BlackElo "1735"]
[PlyCount "87"]
[EventDate "2010.09.12"]
[EventType "team-tourn"]
[EventRounds "11"]
[EventCountry "HUN"]
[SourceTitle "EXT 2012"]
[Source "ChessBase"]
[SourceDate "2011.11.24"]
[SourceVersion "1"]
[SourceVersionDate "2011.11.24"]
[SourceQuality "1"]
[WhiteTeam "Balkany"]
[BlackTeam "Debrecen Sakkbaratok"]
[WhiteTeamCountry "HUN"]
[BlackTeamCountry "HUN"]

1. Nf3 Nf6 2. c4 c5 3. g3 Nc6 4. Bg2 g6 5. 0-0 Bg7 6. d4 cxd4 7. Nxd4 0-0 8. Nc3 Re8 9. Bg5 h6 10. Bc1 Kh7 11. Rb1 a6 12. e4 e5 13. Nb3 d6 14. Be3 Bg4 15. f3 Be6 16. Nd5 Bxd5 17. cxd5 Na5 18. Rc1 Nxb3 19. Qxb3 Qe7 20. Rc2 Rec8 21. Rfc1 Qd7 22. Bb6 Rxc2 23. Rxc2 Rc8 24. Bf1 Ne8 25. Rc4 Rxc4 26. Qxc4 f5 27. Bh3 Bf6 28. a4 Ng7 29. Qc2 Bd8 30. Bxd8 Qxd8 31. exf5 Nxf5 32. Bxf5 gxf5 33. Qxf5+ Kh8 34. Kg2 Kg7 35. b4 Qb6 36. Qd7+ Kh8 37. b5 axb5 38. axb5 Kg8 39. Kh3 Kh8 40. Kh4 Kg8 41. Kh5 Qe3 42. Qe8+ Kh7 43. Qg6+ Kh8 44. Qxh6+ 1-0

[Event "HUN-chT2 Barcza 1011"]
[Site "Hungary"]
[Date "2010.11.21"]
[Round "6.7"]
[White "Benyei, Antal"]
[Black "Mile, Kalmanne"]
[Result "1/2-1/2"]
[WhiteElo "1946"]
[BlackElo "1735"]
[PlyCount "62"]
[EventDate "2010.09.12"]
[EventType "team-tourn"]
[EventRounds "11"]
[EventCountry "HUN"]
[SourceTitle "EXT 2012"]
[Source "ChessBase"]
[SourceDate "2011.11.24"]
[SourceVersion "1"]
[SourceVersionDate "2011.11.24"]
[SourceQuality "1"]
[WhiteTeam "DEAC"]
[BlackTeam "Debrecen Sakkbaratok"]
[WhiteTeamCountry "HUN"]
[BlackTeamCountry "HUN"]

1. e4 c6 2. d4 d5 3. exd5 cxd5 4. Bd3 Nc6 5. c3 Nf6 6. h3 g6 7. Nf3 Bg7 8. 0-0 0-0 9. Re1 e6 10. Nbd2 Qc7 11. Qe2 Nh5 12. Nf1 Nf4 13. Bxf4 Qxf4 14. Qe3 Qxe3 15. fxe3 e5 16. e4 dxe4 17. Bxe4 exd4 18. Bxc6 bxc6 19. Nxd4 Bxd4+ 20. cxd4 Be6 21. b3 Rfd8 22. Red1 Rd6 23. Rd2 Rad8 24. Rad1 Kf8 25. Kf2 f5 26. Ne3 Ke7 27. Nc4 R6d7 28. Ne5 Rd6 29. Ke3 g5 30. Nc4 R6d7 31. Ne5 Rd6 1/2-1/2

[Event "HUN-chT2 Maroczy 1011"]
[Site "Hungary"]
[Date "2010.10.24"]
[Round "4"]
[White "Mile, Kalmanne"]
[Black "Fuad Kamel Jamaliah, Natalie"]
[Result "1/2-1/2"]
[WhiteElo "1718"]
[BlackElo "1924"]
[PlyCount "43"]
[EventDate "2010.09.12"]
[EventType "team-tourn"]
[EventRounds "11"]
[EventCountry "HUN"]
[SourceTitle "EXT 2012"]
[Source "ChessBase"]
[SourceDate "2011.11.24"]
[SourceVersion "1"]
[SourceVersionDate "2011.11.24"]
[SourceQuality "1"]
[WhiteTeam "Debrecen SBE"]
[BlackTeam "Lila Futo"]
[WhiteTeamCountry "HUN"]
[BlackTeamCountry "HUN"]

1. d4 d5 2. Nf3 Nf6 3. g3 c6 4. Bg2 Bf5 5. 0-0 e6 6. Nh4 Bg6 7. Nxg6 hxg6 8. Bg5 Nbd7 9. c3 Be7 10. Nd2 Nh7 11. Bxe7 Qxe7 12. e4 dxe4 13. Nxe4 Ng5 14. Nxg5 Qxg5 15. h4 Qf5 16. Re1 0-0 17. a4 Rfd8 18. Be4 Qh3 19. Bg2 Qf5 20. Be4 Qh3 21. Bg2 Qf5 22. Be4 1/2-1/2

[Event "HUN-chT2 Barcza 1011"]
[Site "Hungary"]
[Date "2010.09.26"]
[Round "2.7"]
[White "Farkas, Lajos1111"]
[Black "Mile, Kalmanne"]
[Result "1-0"]
[WhiteElo "1973"]
[BlackElo "1735"]
[PlyCount "99"]
[EventDate "2010.09.12"]
[EventType "team-tourn"]
[EventRounds "11"]
[EventCountry "HUN"]
[SourceTitle "EXT 2012"]
[Source "ChessBase"]
[SourceDate "2011.11.24"]
[SourceVersion "1"]
[SourceVersionDate "2011.11.24"]
[SourceQuality "1"]
[WhiteTeam "Debrecen Betu"]
[BlackTeam "Debrecen Sakkbaratok"]
[WhiteTeamCountry "HUN"]
[BlackTeamCountry "HUN"]

1. d4 Nf6 2. Bf4 g6 3. Nf3 Bg7 4. e3 0-0 5. Be2 d6 6. Nbd2 c6 7. c3 Qb6 8. h3 Qxb2 9. Nc4 Qxc3+ 10. Kf1 b5 11. Rc1 Qb4 12. a3 Qa4 13. Qxa4 bxa4 14. Nb2 Nd5 15. Nxa4 Nxf4 16. exf4 Bh6 17. g3 Be6 18. Bc4 Bxc4+ 19. Rxc4 Bg7 20. Ke2 h6 21. Rb1 Re8 22. Rb7 e5 23. fxe5 dxe5 24. dxe5 Kf8 25. Re4 Na6 26. Re3 Re7 27. Rxe7 Kxe7 28. Nd2 Rd8 29. Re4 Rd5 30. f4 Nc5 31. Nxc5 Rxc5 32. Ra4 Rc3 33. Rxa7+ Ke6 34. Ne4 Rc2+ 35. Kd3 Rc1 36. a4 Bf8 37. a5 Bb4 38. a6 c5 39. Rc7 Rd1+ 40. Kc2 Ra1 41. a7 Ra2+ 42. Kb3 Ra1 43. Kc4 Ra5 44. Nd6 f6 45. Nb5 Ra1 46. Rc6+ Kf5 47. Rc8 fxe5 48. fxe5 Kxe5 49. Re8+ Kf6 50. a8Q 1-0

[Event "HUN-chT2 Barcza 0910"]
[Site "Hungary"]
[Date "2010.02.14"]
[Round "6.10"]
[White "Jozsa, Ferenc"]
[Black "Mile, Kalmanne"]
[Result "1-0"]
[WhiteElo "1879"]
[BlackElo "1735"]
[PlyCount "77"]
[EventDate "2009.11.08"]
[EventType "team-tourn"]
[EventRounds "11"]
[EventCountry "HUN"]
[SourceTitle "EXT 2011"]
[Source "ChessBase"]
[SourceDate "2010.11.26"]
[SourceVersion "1"]
[SourceVersionDate "2010.11.26"]
[SourceQuality "1"]
[WhiteTeam "Miskolc"]
[BlackTeam "Debrecen Betu"]
[WhiteTeamCountry "HUN"]
[BlackTeamCountry "HUN"]

1. e4 c6 2. d4 d5 3. e5 Bf5 4. Nf3 e6 5. c4 Bxb1 6. Rxb1 Bb4+ 7. Bd2 Bxd2+ 8. Qxd2 Ne7 9. b3 0-0 10. c5 b5 11. Bd3 h6 12. h4 f5 13. exf6 Rxf6 14. Ne5 Nd7 15. Ng4 Rf7 16. Rh3 Nf5 17. Bc2 h5 18. Ne3 Nxe3 19. fxe3 Qf6 20. Qe2 Qh6 21. Rf3 Raf8 22. Rxf7 Rxf7 23. Kd2 e5 24. Kd3 e4+ 25. Kd2 Nf6 26. Rf1 Ng4 27. Rxf7 Kxf7 28. b4 Qf6 29. Ke1 Qxh4+ 30. Kd2 Qf6 31. a4 a6 32. a5 g5 33. Bd1 Kg6 34. Ke1 Qf5 35. Kd2 Qf2 36. Bb3 Qxe2+ 37. Kxe2 h4 38. Bxd5 cxd5 39. c6 1-0

[Event "HUN-chT2 Barcza 0708"]
[Site "Hungary"]
[Date "2008.02.17"]
[Round "6"]
[White "Mile, Kalmanne"]
[Black "Bakos, Levente"]
[Result "1/2-1/2"]
[WhiteElo "1737"]
[BlackElo "2032"]
[PlyCount "45"]
[EventDate "2007.10.14"]
[EventType "team"]
[EventRounds "11"]
[EventCountry "HUN"]
[SourceTitle "EXT 2009"]
[Source "ChessBase"]
[SourceDate "2008.11.26"]
[SourceVersion "1"]
[SourceVersionDate "2008.11.26"]
[SourceQuality "1"]
[WhiteTeam "Debrecen Betu"]
[BlackTeam "DEAC"]
[WhiteTeamCountry "HUN"]
[BlackTeamCountry "HUN"]

1. d4 Nf6 2. c4 Nc6 3. Nc3 e5 4. d5 Ne7 5. e4 Ng6 6. Be3 Bb4 7. Bd3 0-0 8. h3 d6 9. Nf3 Qe7 10. 0-0 Bxc3 11. bxc3 Nh5 12. Nh2 Nhf4 13. Be2 Qg5 14. Bg4 h5 15. Nf3 Bxg4 16. Nxg5 Bxd1 17. Rfxd1 Ne2+ 18. Kf1 Nxc3 19. Rdc1 Na4 20. c5 dxc5 21. Bxc5 Rfc8 22. Be3 Nf8 23. Rab1 1/2-1/2

[Event "HUN-chT2 Maroczy 0607"]
[Site "Hungary"]
[Date "2006.11.26"]
[Round "2"]
[White "Plaszkony, Adrienn"]
[Black "Mile, Kalmanne"]
[Result "1/2-1/2"]
[WhiteElo "1460"]
[BlackElo "1768"]
[PlyCount "30"]
[EventDate "2006.11.12"]
[EventType "team"]
[EventRounds "11"]
[EventCountry "HUN"]
[SourceTitle "EXT 2008"]
[Source "ChessBase"]
[SourceDate "2007.11.25"]
[SourceVersion "1"]
[SourceVersionDate "2007.11.25"]
[SourceQuality "1"]
[WhiteTeam "Vizugy"]
[BlackTeam "DEAC"]
[WhiteTeamCountry "HUN"]
[BlackTeamCountry "HUN"]

1. e4 c6 2. Nf3 d5 3. Nc3 dxe4 4. Nxe4 Nd7 5. d4 Ngf6 6. Bd3 Nxe4 7. Bxe4 Nf6 8. Qd3 Nxe4 9. Qxe4 Qa5+ 10. Bd2 Qf5 11. Qxf5 Bxf5 12. c3 h6 13. 0-0 e6 14. Bf4 Be7 15. Rfe1 g5 1/2-1/2

[Event "HUN-chT2 Maroczy 0607"]
[Site "Hungary"]
[Date "2006.11.12"]
[Round "1"]
[White "Mile, Kalmanne"]
[Black "Olah, Janos"]
[Result "1/2-1/2"]
[WhiteElo "1768"]
[BlackElo "1992"]
[PlyCount "48"]
[EventDate "2006.11.12"]
[EventType "team"]
[EventRounds "11"]
[EventCountry "HUN"]
[SourceTitle "EXT 2008"]
[Source "ChessBase"]
[SourceDate "2007.11.25"]
[SourceVersion "1"]
[SourceVersionDate "2007.11.25"]
[SourceQuality "1"]
[WhiteTeam "DEAC"]
[BlackTeam "Maroczy"]
[WhiteTeamCountry "HUN"]
[BlackTeamCountry "HUN"]

1. d4 d5 2. Nf3 e6 3. g3 Bd6 4. Bg2 Nf6 5. 0-0 0-0 6. Bg5 h6 7. Bxf6 Qxf6 8. Nbd2 Nc6 9. c3 Qd8 10. e4 f5 11. exf5 exf5 12. Nh4 Be6 13. f4 g5 14. Ng6 Rf6 15. Ne5 Bxe5 16. fxe5 Rg6 17. Qh5 Kh7 18. Qe2 Qg8 19. Rf2 Qg7 20. Raf1 Rh8 21. Qb5 Ne7 22. Qxb7 f4 23. Qxc7 fxg3 24. hxg3 Nf5 1/2-1/2

[Event "HUN-chT2 Barcza 0304"]
[Site "Hungary"]
[Date "2004.04.04"]
[Round "10"]
[White "Mile, Kalmanne"]
[Black "Toros, Sandor"]
[Result "1-0"]
[WhiteElo "1853"]
[BlackElo "1704"]
[PlyCount "47"]
[EventDate "2003.08.29"]
[EventType "team"]
[EventRounds "11"]
[EventCountry "HUN"]
[SourceTitle "EXT 2009"]
[Source "ChessBase"]
[SourceDate "2008.11.26"]
[SourceVersion "1"]
[SourceVersionDate "2008.11.26"]
[SourceQuality "1"]
[WhiteTeam "Debrecen Betu"]
[BlackTeam "Nadudvar"]
[WhiteTeamCountry "HUN"]
[BlackTeamCountry "HUN"]

1. d4 d5 2. Nf3 Nf6 3. c3 e6 4. Bg5 Be7 5. e3 0-0 6. Bd3 Nbd7 7. Nbd2 c5 8. Rc1 h6 9. Bh4 c4 10. Bb1 b5 11. 0-0 Bb7 12. h3 Re8 13. Bg3 Qb6 14. Ne5 Nxe5 15. dxe5 Nd7 16. Qh5 Bg5 17. Nf3 Qd8 18. h4 Be7 19. Nd4 a6 20. f4 Bf8 21. f5 exf5 22. Qxf5 g6 23. Qxf7+ Kh8 24. Qxg6 1-0

[Event "HUN-chT2 Barcza 0304"]
[Site "Hungary"]
[Date "2004.02.22"]
[Round "8"]
[White "Mile, Kalmanne"]
[Black "Toth, Zoltan Jr"]
[Result "1/2-1/2"]
[WhiteElo "1853"]
[BlackElo "1876"]
[PlyCount "25"]
[EventDate "2003.08.29"]
[EventType "team"]
[EventRounds "11"]
[EventCountry "HUN"]
[SourceTitle "EXT 2009"]
[Source "ChessBase"]
[SourceDate "2008.11.26"]
[SourceVersion "1"]
[SourceVersionDate "2008.11.26"]
[SourceQuality "1"]
[WhiteTeam "Debrecen Betu"]
[BlackTeam "Kazincbarcika"]
[WhiteTeamCountry "HUN"]
[BlackTeamCountry "HUN"]

1. d4 Nf6 2. c4 g6 3. Nc3 Bg7 4. e4 d6 5. f4 0-0 6. e5 dxe5 7. fxe5 Nfd7 8. c5 c6 9. Nf3 b6 10. cxb6 axb6 11. Bf4 Ba6 12. Bxa6 Nxa6 13. 0-0 1/2-1/2

[Event "HUN-chT3"]
[Site "Hungary"]
[Date "1997.??.??"]
[Round "?"]
[White "Havasi, Tamas"]
[Black "Mile, Kalmanne"]
[Result "1-0"]
[WhiteElo "2210"]
[BlackElo "1940"]
[PlyCount "99"]
[EventDate "1997.??.??"]
[EventType "team"]
[EventRounds "13"]
[EventCountry "HUN"]
[SourceTitle "EXT 2001"]
[Source "ChessBase"]
[SourceDate "2000.11.22"]
[SourceVersion "1"]
[SourceVersionDate "2000.11.22"]
[SourceQuality "1"]

1. e4 c6 2. d4 d5 3. e5 Bf5 4. Bd3 Bxd3 5. Qxd3 e6 6. Ne2 Qa5+ 7. c3 Qa6 8. Qc2 Nd7 9. b4 Nb6 10. 0-0 Nc4 11. a4 Qb6 12. Na3 Nxa3 13. Bxa3 Nh6 14. Ng3 g6 15. Rfb1 Rc8 16. Rd1 Qd8 17. Rd3 b6 18. Nf1 Nf5 19. Rh3 h5 20. Bc1 Bg7 21. Qe2 0-0 22. g4 hxg4 23. Qxg4 c5 24. Bg5 Qd7 25. Ng3 f6 26. exf6 Bxf6 27. Bh6 Nxh6 28. Rxh6 Bg7 29. Rxg6 Qf7 30. Rf1 Rc7 31. Nh5 Kh7 32. Nf6+ Qxf6 33. Qh5+ Kg8 34. Rxf6 Rxf6 35. dxc5 bxc5 36. b5 Rcf7 37. a5 Rh6 38. Qe2 Bxc3 39. Kh1 Bxa5 40. Rg1+ Kf8 41. Qe3 Rhf6 42. Qxc5+ Re7 43. Qc8+ Re8 44. Qd7 Rf7 45. Rg8+ Kxg8 46. Qxe8+ Kg7 47. Qxe6 Bb6 48. f3 Rf6 49. Qxd5 Rg6 50. h4 1-0